The religious right in southern Africa / (Record no. 129389)
[ view plain ]
| 000 -LEADER | |
|---|---|
| fixed length control field | 00975cam a2200277 a 4500 |
| 001 - CONTROL NUMBER | |
| control field | 4832289 |
| 003 - CONTROL NUMBER IDENTIFIER | |
| control field | ARRUPE |
| 005 - DATE AND TIME OF LATEST TRANSACTION | |
| control field | 20190423122113.0 |
| 008 - FIXED-LENGTH DATA ELEMENTS--GENERAL INFORMATION | |
| fixed length control field | 890815s1988 rh b 000 0 eng |
| 010 ## - LIBRARY OF CONGRESS CONTROL NUMBER | |
| LC control number | 89980642 |
| 020 ## - INTERNATIONAL STANDARD BOOK NUMBER | |
| International Standard Book Number | 0908311060 |
| 040 ## - CATALOGING SOURCE | |
| Original cataloging agency | DLC |
| Transcribing agency | DLC |
| Modifying agency | DLC |
| 043 ## - GEOGRAPHIC AREA CODE | |
| Geographic area code | fs----- |
| 050 00 - LIBRARY OF CONGRESS CALL NUMBER | |
| Classification number | BT82.2 |
| Item number | .G545 1988 |
| 082 00 - DEWEY DECIMAL CLASSIFICATION NUMBER | |
| Classification number | 276.8/0828 |
| Edition number | 20 |
| 300 ## - PHYSICAL DESCRIPTION | |
| Dimensions | 21 cm. |
| 100 1# - MAIN ENTRY--PERSONAL NAME | |
| Personal name | Gifford, Paul, |
| Dates associated with a name | 1944- |
| 9 (RLIN) | 45796 |
| 245 14 - TITLE STATEMENT | |
| Title | The religious right in southern Africa / |
| Statement of responsibility, etc | Paul Gifford. |
| 260 ## - PUBLICATION, DISTRIBUTION, ETC. (IMPRINT) | |
| Place of publication, distribution, etc | Harare, Zimbabwe : |
| Name of publisher, distributor, etc | Baobab Books : |
| -- | University of Zimbabwe Publications, |
| Date of publication, distribution, etc | c1988. |
| 300 ## - PHYSICAL DESCRIPTION | |
| Extent | ix, 118 p. ; |
| 504 ## - BIBLIOGRAPHY, ETC. NOTE | |
| Bibliography, etc | Includes bibliographical references (p. 111-118). |
| 650 #0 - SUBJECT ADDED ENTRY--TOPICAL TERM | |
| Topical term or geographic name as entry element | Religious right |
| Geographic subdivision | Africa, Southern. |
| 9 (RLIN) | 45797 |
| 651 #0 - SUBJECT ADDED ENTRY--GEOGRAPHIC NAME | |
| Geographic name | Africa, Southern |
| General subdivision | Church history. |
| 9 (RLIN) | 29417 |
| 906 ## - LOCAL DATA ELEMENT F, LDF (RLIN) | |
| a | 7 |
| b | cbc |
| c | orignew |
| d | 3 |
| e | ncip |
| f | 19 |
| g | y-gencatlg |
| 942 ## - ADDED ENTRY ELEMENTS (KOHA) | |
| Source of classification or shelving scheme | Library of Congress Classification |
| Koha item type | Monograph ( Printed materials) |
| Withdrawn status | Lost status | Source of classification or shelving scheme | Damaged status | Not for loan | Collection code | Home library | Current library | Shelving location | Date acquired | Total Checkouts | Full call number | Barcode | Date last seen | Price effective from | Koha item type | Copy number |
|---|---|---|---|---|---|---|---|---|---|---|---|---|---|---|---|---|
| Library of Congress Classification | Main Collection | ARRUPE LIBRARY | ARRUPE LIBRARY | Main Collection | 23/04/2019 | BT82.2 .G545 1988 | 46003034365 | 23/04/2019 | 23/04/2019 | Monograph ( Printed materials) | ||||||
| Library of Congress Classification | Main Collection | ARRUPE LIBRARY | ARRUPE LIBRARY | Main Collection | 08/10/2021 | BT82.2 .G545 1988 | 46600007996 | 08/10/2021 | 08/10/2021 | Monograph ( Printed materials) | 2 |